00566nam a2200121Ia 4500008004100000100002700041245015600068260003800224650003000262856006100292999001900353952007200372160909s9999 xx 000 0 und d aRocha, Michelle Dantas aWhere is the Survivor's Voice? An Examination of the Individual and Structural Challenges to the Reintegration of Immigrant Human Trafficking Survivors bUniversity of South Floridac2016 aHUMAN RESOURCE MANAGEMENT uhttp://pqdtopen.proquest.com/doc/1808267186.html?FMT=ABS c304738d304738 001040aCLbCLd2016-09-15l0r2016-09-15 00:00:00w2016-09-15yET